Prístupy k financovaniu dôchodkových systémov
Spôsob financovania dôchodkového systému je problémom nielen rozvojových, či transformujúcich sa krajín, ale aj rozvinutých krajín celého sveta a závisí od typu dôchodkového systému v danej krajine. Možnosti financovania dôchodkových systémov. Možné riziká kapitalizačného dôchodkového systému. Chara...
Gespeichert in:
| 1. Verfasser: | |
|---|---|
| Weitere Verfasser: | |
| Format: | Buchkapitel |
| Sprache: | Slowakisch |
| Schlagworte: | |
| Tags: |
Keine Tags, Fügen Sie das erste Tag hinzu!
|
MARC
| LEADER | 00000naa$a2200000$$$4500 | ||
|---|---|---|---|
| 001 | 0070987 | ||
| 005 | 20240502071841.8 | ||
| 041 | 0 | |a slo | |
| 044 | |a SK | ||
| 245 | 1 | 0 | |a Prístupy k financovaniu dôchodkových systémov |c Eva Rievajová, Michaela Pechová |
| 520 | |a Spôsob financovania dôchodkového systému je problémom nielen rozvojových, či transformujúcich sa krajín, ale aj rozvinutých krajín celého sveta a závisí od typu dôchodkového systému v danej krajine. Možnosti financovania dôchodkových systémov. Možné riziká kapitalizačného dôchodkového systému. Charakteristika dôchodkových systémov vo vybraných krajinách (Nemecko, Holandsko, Švédsko, Maďarsko, Poľsko). | ||
| 610 | 2 | 0 | |a financie |
| 610 | 2 | 0 | |a financovanie |
| 610 | 2 | 0 | |a systémy dôchodkové |
| 610 | 2 | 0 | |a kapitalizácia |
| 610 | 2 | 0 | |a sektor verejný |
| 610 | 2 | 0 | |a sektor súkromný |
| 610 | 2 | 0 | |a rozpočty verejné |
| 610 | 2 | 0 | |a spoločnosti dôchodkové doplnkové |
| 610 | 2 | 0 | |a sporenie dôchodkové |
| 610 | 2 | 0 | |a poistenie dôchodkové |
| 100 | 1 | |a Rievajová, Eva | |
| 700 | 1 | |a Pechová, Michaela, 1977- | |